00245nam a2200085Ia 450000100070000000500170000700800410002424500720006526000220013772006520250826163224.0250824s9999 xx 000 0 und d 0aMAHALLE SIBYAN MEKTEPLERİcİSMAİL KARA , ALİ BİRİNCİ bDERGAH YAYINLARI